Estadísticas para Cruzando Fronteras con Pistas #2

Haz click aquí para intentar la prueba.

Estadísticas generales

  • Esta prueba ha sido intentada 40 veces
  • La puntuación promedio es 17 de 21

Estadísticas de respuestas

PistaPaís% Correcto
Comparte la cima del Everest con el país de abajoNepal
97%
País europeo con dos pequeños exclaves en el continente africanoEspaña
89%
El país más grande de África por superficieArgelia
87%
Cuna del famoso mimo Marcel MarceauFrancia
87%
Dónde nació Gengis KanMongolia
87%
Donde fluye el río AmarilloChina
84%
Está conectada con el anterior a través del puente de ØresundDinamarca
84%
El lago Baikal es su lago más grandeRusia
84%
Su bandera está formada por una cruz azul sobre un campo blanco.Finlandia
82%
Dirigida por el "coronel" Gadafi hasta 2011Libia
82%
Andersson es el apellido más comúnSuecia
82%
El único país de África completamente rodeado por otroLesoto
79%
Su nombre describe su posición en el centro del continenteRepública Centroafricana
79%
Se reunificó en 1990Alemania
76%
Dónde está la ciudad de FezMarruecos
76%
Las lenguas oficiales son el zulú, el xhosa y el afrikaans.Sudáfrica
76%
Tiene la mayor elevación media de todos los países europeosAndorra
68%
Antiguamente conocido como ZaireRepública Democrática del Congo
68%
Debe su nombre a un gran lago poco profundo que corre el riesgo de secarse.Chad
63%
El río Zambeze forma su frontera meridionalZambia
61%
Imprimió un billete de 100 billones de dólares en 2009Zimbabue
58%

Distribución de puntuación

Porcentaje por número respondido

Porcentaje de gente con cada puntuación

Historial de tus puntuaciones

No has intentado esta prueba.